The effect of different fertilizers on chinese cabbage on sandy soil ឥទ្ធិពលជីប្រភេទផ្សេងគ្នា លើដំណាំស្ពៃក្រញាញ់ក្នុងលក្ខខណ្ឌដីល្បាយខ្សាច់ (Record no. 1010)

000 -LEADER
fixed length control field 00634nam a22001577a 4500
003 - CONTROL NUMBER IDENTIFIER
control field OSt
005 - DATE AND TIME OF LATEST TRANSACTION
control field 20150921170648.0
008 - FIXED-LENGTH DATA ELEMENTS--GENERAL INFORMATION
fixed length control field 150921b xxu||||| |||| 00| 0 eng d
040 ## - CATALOGING SOURCE
Transcribing agency RUA
082 ## - DEWEY DECIMAL CLASSIFICATION NUMBER
Classification number AGR KHU 2006 B034 Or.1
100 ## - MAIN ENTRY--PERSONAL NAME
9 (RLIN) 1052
Personal name KHUN, VICHET.
245 ## - TITLE STATEMENT
Title The effect of different fertilizers on chinese cabbage on sandy soil ឥទ្ធិពលជីប្រភេទផ្សេងគ្នា លើដំណាំស្ពៃក្រញាញ់ក្នុងលក្ខខណ្ឌដីល្បាយខ្សាច់
260 ## - PUBLICATION, DISTRIBUTION, ETC. (IMPRINT)
Place of publication, distribution, etc. Phnom Penh
Name of publisher, distributor, etc. RUA
Date of publication, distribution, etc. 2006
300 ## - PHYSICAL DESCRIPTION
Extent 42p.
Other physical details ill.
Dimensions 29cm.
942 ## - ADDED ENTRY ELEMENTS (KOHA)
Source of classification or shelving scheme
Koha item type AGR
Holdings
Price effective from Date last seen Permanent Location Not for loan Date acquired Source of classification or shelving scheme Koha item type Lost status Withdrawn status Total Renewals Date last checked out Total Checkouts Damaged status Barcode Current Location Full call number
2015-09-212020-02-25Library Block B 2015-09-21 AGR  12020-01-319 RUA002324Library Block BAGR KHU 2006 B034 Or.1
មជ្ឈមណ្ឌលឯការនៃសាកលវិទ្យាល័យភូមិន្ទកសិកម្មចំការដូង

Powered by Koha